Bərpa olunan enerji ehtiyatlarından istifadə giriş (Record no. 424)

MARC details
000 -LEADER
fixed length control field 02219nam a2200361 4500
003 - CONTROL NUMBER IDENTIFIER
control field OSt
005 - DATE AND TIME OF LATEST TRANSACTION
control field 20260512110556.0
008 - FIXED-LENGTH DATA ELEMENTS--GENERAL INFORMATION
fixed length control field 260512b |||||||| |||| 00| 0 aze d
020 ## - INTERNATIONAL STANDARD BOOK NUMBER
International Standard Book Number 9789952468991
040 ## - CATALOGING SOURCE
Original cataloging agency AZ-XaKU
Language of cataloging aze
Transcribing agency AZ-XaKU
041 ## - LANGUAGE CODE
Language code of text/sound track or separate title aze
050 04 - LIBRARY OF CONGRESS CALL NUMBER
Classification number TJ807.9 .G213 2022
100 1# - MAIN ENTRY--PERSONAL NAME
Personal name Qasımov, Elmar,
Relator term müəllif.
245 1# - TITLE STATEMENT
Title Bərpa olunan enerji ehtiyatlarından istifadə giriş
Statement of responsibility, etc. / Elmar Qasımov, Rövşən Abbasov ; rəyçilər Bəxtiyar Aslanbəyli, Cavid Abdullayev, Amer Reza Vakhshouri ; layihə meneceri Nərmin Əhmədova ;elmi redaktor Rövşən Kərimov
264 ## - PRODUCTION, PUBLICATION, DISTRIBUTION, MANUFACTURE, AND COPYRIGHT NOTICE
Place of production, publication, distribution, manufacture Bakı:
Date of production, publication, distribution, manufacture, or copyright notice 2022.
300 ## - PHYSICAL DESCRIPTION
Extent 216 səhifə ;
Dimensions 28,5 sm.
336 ## - CONTENT TYPE
Content type term text
Content type code txt
Source rdacontent
337 ## - MEDIA TYPE
Media type term unmediated
Media type code n
Source rdamedia
338 ## - CARRIER TYPE
Carrier type term volume
Carrier type code nc
Source rdacarrier
504 ## - BIBLIOGRAPHY, ETC. NOTE
Bibliography, etc. note Ədəbiyyat siyahısı: 214-216
505 0# - Formatted Contents Note
Formatted contents note Ön söz -- 01. Gələcəyə baxış -- 02. Ənənəvi enerji və ondan istifadə problemləri -- 03. Günəş enerjisi -- 04. Külək enerjisi -- 05. Geotermal enerji -- 06. Yaşıl hidrogen enerjisi -- 07. Kiçik su elektrik stansiyaları -- 08. Dayanıqlı inkişaf və bərpa olunan enerji problemləri -- Ədəbiyyat siyahısı.
520 ## - SUMMARY, ETC.
Summary, etc. Bu dərsliyin yazılmasında əsas məqsəd bərpa olunan enerji ehtiyatları, onlardan istifadə və bu sahədə müasir problemlər barədə müfəssəl baza bilikləri yaratmaq olmuşdur. Ölkəmizdə bərpa olunan enerji ehtiyatlarından istifadə ilə bağlı Azərbaycan dilində yazılmış ilk dərslik olduğu üçün kitabın elmi-nəzəri və praktik əhəmiyyəti misilsizdir.
521 ## - TARGET AUDIENCE NOTE
Target audience note Bu mənada təqdim olunan dərslik həm ali məktəblər, həm də geniş oxucu auditoriyası tərəfindən istifadə oluna bilər. Həmçinin dərslikdən ixtisaslaşmış orta məktəblərdə tədris zamanı da istifadə olunması mümkündür.
650 #7 - SUBJECT ADDED ENTRY--TOPICAL TERM
Source of heading or term AZ-XaKU
700 1# - ADDED ENTRY--PERSONAL NAME
Personal name Abbasov, Rövşən,
Fuller form of name müəllif.
700 1# - ADDED ENTRY--PERSONAL NAME
Personal name Aslanbəyli, Bəxtiyar,
Fuller form of name rəyçi.
700 1# - ADDED ENTRY--PERSONAL NAME
Personal name Abdullayev, Cavid,
Fuller form of name rəyçi.
700 1# - ADDED ENTRY--PERSONAL NAME
Personal name Vakhshouri, Amin Reza,
Fuller form of name rəyçi.
700 1# - ADDED ENTRY--PERSONAL NAME
Personal name Əhmədov, Nərmin,
Fuller form of name Layihə meneceri.
700 1# - ADDED ENTRY--PERSONAL NAME
Personal name Kərimov, Rövşən,
Fuller form of name Elmi redaktor.
942 ## - ADDED ENTRY ELEMENTS (KOHA)
Koha item type Book

No items available.